| АИС "Историко-культурное наследие Беларуси" | ||
| Базовый | Расширенный | Профессиональный | Словарь персоналий | Тематический словарь | По видам объектов | История запросов Заказы | Регистрация | |
Запись в MARC-формате
| копировать MARC-запись |
=LDR 00000nx\\c2200193\\\45\\
=001 BY-NLB-ar5344605
=005 20160330095636.8
=100 \\$a20121017abely50\\\\\\ca0
=152 \\$apsbo
=160 \\$ae-bw
=215 \\$aКасцёл Святога Архангела Міхаіла (Багданава, вёска; Валожынскі раён)
=300 1\$aПабудаваны ў 1844 г. Быў помнікам народнага драўлянага дойлідства. Знішчаны пажарам ў 1944 г. На яго месцы быў пабудаваны новы драўляны храм. У 2000 г. замест драўлянага пастаўлены новы цагляны храм.
=356 \\$aЗнаходзіцца ў цэнтры в. Багданава Валожынскага раёна Мінскай вобласці.
=415 \\$aКасцёл Святога Міхаіла Архангела (Багданава, вёска; Валожынскі раён)
=515 \\$5w$3BY-NLB-ar5344825$aКостел Святого Архангела Михаила (Богданово, деревня; Воложинский район)
=801 \0$aBY$bBY-HM0000$c20121017
=810 \\$aКаталіцкія храмы Беларусі / А. М. Кулагін. — Мінск, 2008.
=810 \\$aКаталіцкія храмы на Беларусі : энцыклапедычны даведнік / А. М. Кулагін. — Мінск, 2000.
=999 \\$f2786 NLB-NDARD$t20121017
Чтобы вернуться назад, щелкните кнопку BACK на Вашем браузере